Statistics for Country Capitals Starting With The Letter "C"

Click here to take the quiz!

General Stats

  • This quiz has been taken 2,171 times
  • The average score is 6 of 8

Answer Stats

HintAnswer% Correct
South AmericaCaracas
87%
OceaniaCanberra
86%
AfricaCairo
83%
EuropeCopenhagen
79%
EuropeChisinau
67%
AfricaCape Town
63%
North AmericaCastries
54%
AfricaConakry
54%

Score Distribution

Percentile by Number Answered

Percent of People with Each Score

Your Score History

You have not taken this quiz